| 000 | 01049nam a22003137a 4500 | ||
|---|---|---|---|
| 003 | CHAP | ||
| 005 | 20220329140111.0 | ||
| 008 | 971013s1984 r 10010 d | ||
| 010 | _a46976 | ||
| 011 | _a47948 | ||
| 035 | _a52092 | ||
| 040 | _cCHAP | ||
| 082 |
_a574.5 _bR48s |
||
| 111 | 0 | 0 |
_aReunión Regional de Ecología. Zona Sureste ( _n1 _d: 1984 _c: Tuxtla Gutiérrez, Chiapas) _996613 |
| 245 | _a(Memorias) | ||
| 260 |
_a(s.l.) : _bSubsecretaría de Ecología, _c1984 |
||
| 300 | _a277 p. | ||
| 590 |
_aBATCH-UPD _b10 _c20130109 _lUCH01 _h2317 |
||
| 590 |
_aBATCH-UPD _b10 _c20130110 _lUCH01 _h1417 |
||
| 590 |
_aBATCH-UPD _b10 _c20130409 _lUCH01 _h1839 |
||
| 590 |
_aBATCH-UPD _b10 _c20130410 _lUCH01 _h0901 |
||
| 590 |
_aBATCH-UPD _b10 _c20130914 _lUCH01 _h1228 |
||
| 590 |
_aCONVERSION _b10 _c20130109 _lUCH01 _h1326 |
||
| 650 | 1 | 4 |
_aEcología _xCongresos. _935138 |
| 901 | _aBK | ||
| 942 | _cLIBRO | ||
| 949 |
_a574.5 R48s _bBC _cCONG _d-116237 _eCONG _h62114 _i52092 _si |
||
| 949 |
_a574.5 R48s _bBC _cLIBRO _d33724000470456 _eLIBRO _fc.2 _h79067 _i52092 _si |
||
| 999 |
_c46976 _d46976 |
||